Sensory evaluation: guide of good practice
Na minha lista:
| Autor Corporativo: | |
|---|---|
| Formato: | Livro |
| Idioma: | inglês |
| Publicado em: |
París
ACTIA
2001
|
| Edição: | 1a. ed |
| Assuntos: | |
| Tags: |
Adicionar Tag
Sem tags, seja o primeiro a adicionar uma tag!
|
MARC
| LEADER | 00000cam a2200000 a 4500 | ||
|---|---|---|---|
| 001 | UCC2001 | ||
| 003 | CL-VaPUC | ||
| 008 | 171230e20010000fr |||||||||||||||||eng|d | ||
| 082 | 0 | 4 | |a 664.07 |b ACT |2 21 |
| 110 | 2 | |a Actia |e author |9 596140 | |
| 245 | 1 | 0 | |a Sensory evaluation: guide of good practice |
| 250 | |a 1a. ed | ||
| 300 | |a 128 p | ||
| 942 | |c BK | ||
| 945 | |d 20171230 00:11:00 |a dcastane | ||
| 260 | |a París |b ACTIA |c 2001 | ||
| 650 | 7 | |a EVALUACION SENSORIAL |2 CL-VaPUC |9 491694 | |
| 650 | 0 | |a Alimentación |9 334197 | |
| 650 | 0 | |a Alimentos |9 256203 | |
| 650 | 0 | |a Estadística aplicada |9 270522 | |
| 583 | |a last modification |c 20171230 00:11:00 |k Rodrigo Vera | ||
| 999 | |c 370321 |d 370319 | ||
| 952 | |0 0 |1 0 |3 erb |4 0 |6 664_070000000000000_ACT_2001 |7 0 |8 A |9 486713 |a BIBALI |b BIBALI |c GEN |i 544313K |o 664.07 ACT 2001 |p 544313K |r 2025-01-20 |w 2019-11-24 |y BK |z Catalogado en:20171230 |k ALI | ||